000 01219nam a2200229Ia 4500
003 Ost
005 20260507075541.0
008 260507s9999||||xx |||||||||||||| ||und||
020 _a9773581985
040 _cfsecg
041 _aara
082 _a330.0183
100 _aالشيمي، حسني عبد الرحمن
_eمؤلف
245 0 _aاقتصاديات المعلومات :
_bالمعلومات و مضاعفة الثروة الاقتصادية و الانسانية /
_c حسني عبد الرحمن الشيمي
260 _aالقاهرة:
_bدار الفجر للنشر والتوزيع,
_c2009
300 _a180 صفحة؛
_bإيضاحات ؛
_c24 سم
520 _aيضم خدمات المكتبات والمعلومات ومضاعفة القيمة، المعلومات ودورها في صناعة القرار، نموذج تطبيقي في المضاعفة، القفزية، التعلم في البيئة الرقمية، التقنيات واستثمار الوقت، تنوع أنماط العمل في البيئة الرقمية
653 _aالإقتصاد- خدمات المعلومات
653 _aالمعلومات
653 _aمراكز المعلومات
942 _cكتاب
999 _c44871
_d44871